000
00224nam a2200097Ia 4500
008
240331s9999 xx 000 0 und d
082
_b
WAR
100
_a
Warnapala, W.W.A
245
4
_a
The Sri Lankan political scene
942
_c
L
999
_c
2330
_d
2330